[Event "Open SSM Luglio"]
[Site "Milano ITA"]
[Date "2014.07.05"]
[Round "3"]
[White "Quagliarella, Sabino Remo"]
[Black "Pirrello, Christian"]
[WhiteElo "1838"]
[BlackElo "1669"]
[Result "1-0"]
[PlyCount "139"]
[EventDate "2014.07.03"]

1. e4 c6 2. d4 d5 3. Nc3 dxe4 4. Nxe4 Nd7 5. Bc4 Ngf6 6. Ng3 e6 7. Nf3 c5 8.
O-O cxd4 9. Nxd4 Bc5 10. Nb3 Be7 11. Qe2 O-O 12. Be3 Nb6 13. Rad1 Qc7 14. Bd3
Nbd5 15. Bd2 Nf4 16. Bxf4 Qxf4 17. Nh5 Nxh5 18. Qxh5 g6 19. Qe2 Bf6 20. c3 Qa4
21. Bc4 Qc6 22. Nd4 Qc7 23. Nb5 Qf4 24. g3 Qb8 25. Rd2 a6 26. Nd6 Be7 27. Rfd1
b5 28. Bb3 Ra7 29. Qe3 Rc7 30. h4 Bb7 31. Nxf7 Rxf7 32. Qxe6 Qf8 33. Qb6 Qc8
34. Be6 Rc6 35. Rd8+ Kg7 36. Qd4+ Bf6 37. Rxc8 Bxd4 38. Rxc6 Bxf2+ 39. Kh2 Bxc6
40. Bxf7 Bxg3+ 41. Kxg3 Kxf7 42. Rd6 Be4 43. Rxa6 h6 44. Kf4 Bd3 45. Rb6 Ke7
46. Ke5 g5 47. Rxh6 gxh4 48. Rxh4 Bb1 49. a3 Kd7 50. Rh6 Kc7 51. Kd4 Kb7 52.
Kc5 Bd3 53. Rb6+ Ka7 54. b3 Be2 55. c4 bxc4 56. bxc4 Bxc4 57. Rb4 Bf1 58. a4
Ka6 59. Rf4 Bg2 60. Kb4 Kb7 61. Rf6 Ka7 62. Ka5 Bd5 63. Rd6 Bh1 64. Rd7+ Bb7
65. Rg7 Kb8 66. Kb6 Bd5 67. a5 Kc8 68. a6 Kb8 69. a7+ Kc8 70. Rh7 1-0

[Event "Open SSM Luglio"]
[Site "Milano ITA"]
[Date "2014.07.05"]
[Round "3"]
[White "Invernizzi, Ferruccio"]
[Black "Papale, Carmelo"]
[WhiteElo "1636"]
[BlackElo "1826"]
[Result "0-1"]
[PlyCount "46"]
[EventDate "2014.07.03"]

1. e4 c5 2. d4 cxd4 3. c3 dxc3 4. Nxc3 Nc6 5. Bc4 e6 6. Nf3 a6 7. O-O d6 8. Qe2
Be7 9. Rd1 b5 10. Bb3 Bb7 11. Bf4 Nf6 12. Bxd6 Bxd6 13. e5 Nxe5 14. Nxe5 Qc7
15. Rxd6 Qxd6 16. Rd1 Qe7 17. Nxb5 axb5 18. Qxb5+ Kf8 19. Nd7+ Nxd7 20. Rxd7
Ba6 21. Qc6 Rc8 22. Qa4 Qe8 23. Qa3+ Kg8 0-1

[Event "Open SSM Luglio"]
[Site "Milano ITA"]
[Date "2014.07.05"]
[Round "3"]
[White "Beccari, Paolo"]
[Black "Vece, Luigi"]
[WhiteElo "1807"]
[BlackElo "1641"]
[Result "1-0"]
[PlyCount "57"]
[EventDate "2014.07.03"]

1. e4 Nf6 2. Bc4 d5 3. exd5 Nxd5 4. d4 Nc6 5. Ne2 Bg4 6. O-O e6 7. Re1 Be7 8.
c3 O-O 9. Qd3 Bg5 10. Bxg5 Qxg5 11. Qg3 Qg6 12. Bxd5 exd5 13. Nf4 Rfe8 14. Na3
Qf5 15. h3 Bh5 16. Nxh5 Qxh5 17. Nb5 Rac8 18. Qxc7 h6 19. Qxb7 Na5 20. Qxa7 Nc4
21. b3 Nd2 22. Qd7 Ne4 23. Qg4 Qxg4 24. hxg4 Kh7 25. f3 Nf6 26. a4 g5 27. a5 h5
28. gxh5 Nxh5 29. a6 1-0

[Event "Open SSM Luglio"]
[Site "Milano ITA"]
[Date "2014.07.05"]
[Round "3"]
[White "Trovero, Leo"]
[Black "Biava, Pierluigi"]
[WhiteElo "1756"]
[BlackElo "1613"]
[Result "0-1"]
[PlyCount "84"]
[EventDate "2014.07.03"]

1. e4 c5 2. Nc3 e6 3. Nge2 Nc6 4. g3 Nf6 5. Bg2 Be7 6. O-O d5 7. exd5 exd5 8.
d4 O-O 9. h3 Be6 10. Be3 Qd7 11. Kh2 b6 12. Qd2 Rad8 13. Rad1 c4 14. Nf4 Nb4
15. a3 Na6 16. Nxe6 fxe6 17. Ne2 b5 18. c3 Nc7 19. Bf4 Bd6 20. Bxd6 Qxd6 21.
Rfe1 Ne4 22. Bxe4 dxe4 23. Nf4 e5 24. Ng2 exd4 25. Rxe4 d3 26. Rd4 Qf6 27. Rxd8
Rxd8 28. Qe3 a6 29. Qf4 Qxf4 30. Nxf4 Kf7 31. Kg2 Ne6 32. Nxe6 Kxe6 33. Kf3 Kf6
34. Ke3 Re8+ 35. Kf3 Re2 36. Rb1 Ke5 37. Kg2 Ke4 38. h4 a5 39. g4 d2 40. Rd1
Kd3 41. Kf1 Re7 42. f3 Kc2 0-1

[Event "Open SSM Luglio"]
[Site "Milano ITA"]
[Date "2014.07.05"]
[Round "3"]
[White "Guttarolo, Giovanni"]
[Black "Poletto, Daniele"]
[WhiteElo "1371"]
[BlackElo "1738"]
[Result "0-1"]
[PlyCount "72"]
[EventDate "2014.07.03"]

1. e4 c5 2. Nf3 e6 3. Bc4 a6 4. O-O b5 5. Bd3 Qc7 6. Nc3 Bb7 7. b3 Nc6 8. Re1
d6 9. Bb2 Nf6 10. Nb1 e5 11. c4 b4 12. Bf1 Be7 13. Nh4 Nd4 14. d3 O-O 15. Nf5
Nxf5 16. exf5 Qd7 17. g4 Qc6 18. f3 Qxf3 19. Qxf3 Bxf3 20. h3 h6 21. Nd2 Bc6
22. Bg2 Bxg2 23. Kxg2 Bd8 24. Nf1 Bc7 25. Bc1 Rae8 26. Ng3 d5 27. Be3 d4 28.
Bf2 Re7 29. Nh5 Nxh5 30. gxh5 Kh7 31. Bh4 Ree8 32. Kf3 g6 33. fxg6+ fxg6+ 34.
Kg4 Rf4+ 35. Kg3 g5 36. Bxg5 hxg5 0-1

[Event "Open SSM Luglio"]
[Site "Milano ITA"]
[Date "2014.07.05"]
[Round "3"]
[White "Carbone, Lorenzo"]
[Black "Pollio, Ciro"]
[WhiteElo "1679"]
[BlackElo "1757"]
[Result "0-1"]
[PlyCount "110"]
[EventDate "2014.07.03"]

1. e4 c5 2. Nf3 Nc6 3. d4 cxd4 4. Nxd4 e5 5. Nb3 Nf6 6. Nc3 Bb4 7. Qd3 d5 8.
Bd2 d4 9. Ne2 Bxd2+ 10. Nxd2 O-O 11. a3 Be6 12. Ng3 h5 13. Be2 g6 14. Nf3 Qa5+
15. Qd2 Qxd2+ 16. Kxd2 Bg4 17. h3 Bxf3 18. gxf3 h4 19. Nf1 Nh5 20. Rg1 Nf4 21.
Rg4 Kg7 22. Rxh4 Rh8 23. Rxh8 Rxh8 24. Ng3 Rxh3 25. Rh1 Rxh1 26. Nxh1 Kf6 27.
Bc4 Nd8 28. Ke1 Nde6 29. Ng3 Ng5 30. Be2 Ng2+ 31. Kf1 Nh4 32. Ke1 Nhxf3+ 33.
Bxf3 Nxf3+ 34. Ke2 Ng5 35. Kd3 Nh3 36. Ke2 Kg5 37. Kf3 f5 38. Kg2 Nf4+ 39. Kf3
Ne6 40. Nf1 Nc5 41. Nd2 Kf6 42. b4 Na4 43. Ke2 Nc3+ 44. Kd3 b5 45. f4 fxe4+ 46.
Nxe4+ Nxe4 47. Kxe4 exf4 48. Kxf4 g5+ 49. Ke4 g4 50. Kf4 Ke6 51. Kxg4 Kd5 52.
Kf4 Kc4 53. Ke4 Kc3 54. Kd5 Kxc2 55. Kxd4 Kb3 0-1

[Event "Open SSM Luglio"]
[Site "Milano ITA"]
[Date "2014.07.05"]
[Round "3"]
[White "Dicuonzo, Antonio"]
[Black "Bracco, Valter"]
[WhiteElo "1608"]
[BlackElo "1470"]
[Result "1-0"]
[PlyCount "81"]
[EventDate "2014.07.03"]

1. e4 c5 2. Nf3 e6 3. d4 cxd4 4. Nxd4 a6 5. Nc3 b5 6. a3 Bb7 7. Bd3 Bc5 8. Nb3
Be7 9. O-O d6 10. f4 Bf6 11. Bd2 Ne7 12. Qe2 O-O 13. e5 dxe5 14. fxe5 Bh4 15.
g3 Nf5 16. Rxf5 exf5 17. gxh4 Qxh4 18. Bxf5 Nc6 19. Re1 Rfe8 20. e6 fxe6 21.
Bxe6+ Kh8 22. Qg4 Qxg4+ 23. Bxg4 Rxe1+ 24. Bxe1 Re8 25. Bf2 Ne5 26. Be2 Ng6 27.
Bg3 Ne7 28. Nc5 Bc8 29. Bd3 Nc6 30. N3e4 Ne7 31. Nd6 Rf8 32. Nxc8 Rxc8 33. Ne4
Nc6 34. Nd6 Rf8 35. c4 bxc4 36. Bxc4 h6 37. Bxa6 Nd4 38. Kg2 Rf3 39. Nb5 Rd3
40. Nxd4 Rxd4 41. Be5 1-0

[Event "Open SSM Luglio"]
[Site "Milano ITA"]
[Date "2014.07.05"]
[Round "3"]
[White "Verderame, Alberto"]
[Black "Marchesotti, Giovanni"]
[WhiteElo "1481"]
[BlackElo "1486"]
[Result "1/2-1/2"]
[PlyCount "60"]
[EventDate "2014.07.03"]

1. Nf3 c5 2. d4 e6 3. b3 Nf6 4. e3 Qc7 5. Bb2 Be7 6. Nbd2 cxd4 7. exd4 Nc6 8.
a3 d6 9. Be2 Bd7 10. O-O O-O 11. c4 e5 12. d5 Nd8 13. Qc2 Nxd5 14. Bd3 Nf6 15.
Ng5 h6 16. Nge4 Nxe4 17. Bxe4 f5 18. Bd5+ Be6 19. Bxe6+ Nxe6 20. Kh1 Qc6 21. f3
Bg5 22. Rac1 Rac8 23. b4 b6 24. Rcd1 Be3 25. Qb3 Bxd2 26. Rxd2 Qxc4 27. Qxc4
Rxc4 28. Rxd6 Nd4 29. Rd7 Rf7 30. Rd5 Re7 1/2-1/2

[Event "Open SSM Luglio"]
[Site "Milano ITA"]
[Date "2014.07.05"]
[Round "3"]
[White "Greco, Giovanni"]
[Black "De Angelis, Lorenzo"]
[WhiteElo "1488"]
[BlackElo "1641"]
[Result "1/2-1/2"]
[PlyCount "31"]
[EventDate "2014.07.03"]

1. d4 d5 2. c4 c6 3. Nc3 e6 4. Nf3 f5 5. e3 Nf6 6. Be2 Bb4 7. Bd2 O-O 8. O-O
Nbd7 9. Rc1 Bd6 10. cxd5 exd5 11. h3 Ne4 12. Be1 Ndf6 13. Nh2 f4 14. Bf3 Nxc3
15. bxc3 Ne4 16. Bxe4 1/2-1/2

[Event "Open SSM Luglio"]
[Site "Milano ITA"]
[Date "2014.07.05"]
[Round "3"]
[White "Fantina, Carla"]
[Black "Padolecchia, Vittorio"]
[WhiteElo "1399"]
[BlackElo "1579"]
[Result "0-1"]
[PlyCount "74"]
[EventDate "2014.07.03"]

1. c4 d5 2. cxd5 Nf6 3. Nf3 Nxd5 4. g3 Bf5 5. Bg2 Nc6 6. d3 Bg6 7. O-O e6 8.
Ng5 h6 9. Ne4 Rb8 10. Nbc3 Bxe4 11. Nxe4 Be7 12. b3 Bf6 13. Nxf6+ Qxf6 14. Bd2
Qe7 15. Rc1 Ne5 16. f4 Ng4 17. e4 Nde3 18. Bxe3 Nxe3 19. Qf3 Nxf1 20. Bxf1 O-O
21. Qe3 a6 22. Rc4 Qa3 23. Qe2 c6 24. Qc2 Rbc8 25. Bh3 Qa5 26. f5 Qe1+ 27. Bf1
exf5 28. exf5 Qe3+ 29. Kg2 Rfe8 30. Kh3 Rcd8 31. Rf4 Rd4 32. Rf2 Qg5 33. Be2 h5
34. Qc5 Qe3 35. Kg2 h4 36. gxh4 Rg4+ 37. Bxg4 Qxc5 0-1

[Event "Open SSM Luglio"]
[Site "Milano ITA"]
[Date "2014.07.06"]
[Round "4"]
[White "Hansen, Torbjorn Ringdal"]
[Black "Bonazzi, Edoardo"]
[WhiteElo "2448"]
[BlackElo "2079"]
[Result "1-0"]
[PlyCount "61"]
[EventDate "2014.07.03"]

1. e4 c5 2. Nf3 e6 3. g3 Nc6 4. Bg2 a6 5. O-O Qc7 6. Re1 d6 7. c3 Nf6 8. d4
cxd4 9. cxd4 Be7 10. Nc3 O-O 11. h3 Re8 12. Be3 Bd7 13. Rc1 Qa5 14. a3 Rac8 15.
Qd2 b5 16. Red1 b4 17. axb4 Qxb4 18. Ne1 Na5 19. Nd3 Qb8 20. Qe2 Nb3 21. Rb1
Bc6 22. Nc1 Nxc1 23. Rbxc1 Bd8 24. Qxa6 Bb7 25. Qb5 Bc6 26. Qxb8 Rxb8 27. e5
Nd5 28. Nxd5 Bxd5 29. Bxd5 exd5 30. exd6 Re6 31. d7 1-0

[Event "Open SSM Luglio"]
[Site "Milano ITA"]
[Date "2014.07.06"]
[Round "4"]
[White "Brociner, Beniamino"]
[Black "Gennaro, Isabella"]
[WhiteElo "2154"]
[BlackElo "1793"]
[Result "1-0"]
[PlyCount "97"]
[EventDate "2014.07.03"]

1. Nf3 c5 2. e4 Nc6 3. d4 cxd4 4. Nxd4 e5 5. Nb5 d6 6. N1c3 Nf6 7. Bg5 a6 8.
Na3 b5 9. Bxf6 gxf6 10. Nd5 f5 11. Bd3 Be6 12. c3 Bxd5 13. exd5 Ne7 14. Nxb5
Bg7 15. Na3 e4 16. Qa4+ Kf8 17. Bc4 Rb8 18. Bb3 Bh6 19. Nc2 Rg8 20. g3 Ng6 21.
Qxa6 Ne5 22. Nd4 Nd3+ 23. Kf1 Rb6 24. Qc4 f4 25. Nf5 Qd7 26. Qxe4 Nc5 27. Qc2
Rg5 28. g4 Bg7 29. f3 Qb7 30. c4 Bf6 31. h4 Rg6 32. h5 Rg5 33. Kg2 Qd7 34. Rhe1
Be5 35. Rad1 Qb7 36. Nd4 Kg7 37. Nf5+ Kg8 38. Nd4 Kg7 39. Re2 Nd7 40. Nc6 Nf6
41. Kf1 Rxc6 42. dxc6 Qxc6 43. Rd5 Nxd5 44. cxd5 Qb6 45. h6+ Kf8 46. Qxh7 Rg6
47. Bc2 Qd4 48. Kg2 Qxb2 49. Bd3 1-0

[Event "Open SSM Luglio"]
[Site "Milano ITA"]
[Date "2014.07.06"]
[Round "4"]
[White "Papale, Carmelo"]
[Black "Astengo, Corrado"]
[WhiteElo "1826"]
[BlackElo "2078"]
[Result "0-1"]
[PlyCount "78"]
[EventDate "2014.07.03"]

1. e4 c5 2. Nf3 e6 3. d4 cxd4 4. Nxd4 Nc6 5. Nc3 Qc7 6. Be2 a6 7. Be3 b5 8. O-O
Bb7 9. f4 b4 10. Na4 Nf6 11. Bf3 Qa5 12. b3 Rb8 13. Kh1 Nxd4 14. Qxd4 Be7 15.
Rad1 O-O 16. Qe5 Qd8 17. Bb6 Qc8 18. Bc7 d6 19. Bxd6 Bxd6 20. Rxd6 Qxc2 21. Nc5
Qxa2 22. Rb6 Rfc8 23. Rxb7 Rxb7 24. Nxb7 Qxb3 25. Rd1 h6 26. h3 Rc3 27. Nc5 Qc2
28. Rd8+ Kh7 29. Nxe6 fxe6 30. Qxe6 Qc1+ 31. Kh2 Qxf4+ 32. Kh1 Rc1+ 33. Bd1
Qf1+ 34. Kh2 Rxd1 35. Rxd1 Qxd1 36. e5 Ng8 37. Qf5+ Kh8 38. e6 Qd6+ 39. Kg1 b3
0-1

[Event "Open SSM Luglio"]
[Site "Milano ITA"]
[Date "2014.07.06"]
[Round "4"]
[White "Cerutti, Fabio Maria"]
[Black "Vezzosi, Paolo"]
[WhiteElo "1795"]
[BlackElo "2282"]
[Result "0-1"]
[PlyCount "94"]
[EventDate "2014.07.03"]

1. e4 c5 2. Nc3 Nc6 3. g3 g6 4. Bg2 Bg7 5. d3 d6 6. Be3 Nd4 7. Qd2 Rb8 8. Nge2
Bg4 9. Nc1 Nf3+ 10. Bxf3 Bxf3 11. Rg1 Qd7 12. d4 b6 13. N1e2 Nf6 14. e5 dxe5
15. dxe5 Qxd2+ 16. Bxd2 Ng4 17. h3 Nxe5 18. O-O-O O-O 19. Bf4 Rb7 20. g4 Bc6
21. Rg3 h6 22. Re3 Nc4 23. Red3 g5 24. Bh2 Ne5 25. Re3 Nf3 26. Bg3 Nd4 27. Bh2
Rd7 28. Ng3 Rfd8 29. Nge4 e6 30. f4 f5 31. Nd2 Kf7 32. Nc4 Nf3 33. Rxd7+ Rxd7
34. Bg3 Bd4 35. Re2 Kf6 36. gxf5 exf5 37. Re8 g4 38. hxg4 fxg4 39. Ne5 Nxe5 40.
fxe5+ Kf7 41. Rh8 Be3+ 42. Kb1 Rd2 43. a3 Rg2 44. Bh4 Bg5 45. Bxg5 hxg5 46. Rd8
g3 47. Rd1 Rf2 0-1

[Event "Open SSM Luglio"]
[Site "Milano ITA"]
[Date "2014.07.06"]
[Round "4"]
[White "Biava, Pierluigi"]
[Black "Pelizzola, Danilo"]
[WhiteElo "1613"]
[BlackElo "2106"]
[Result "0-1"]
[PlyCount "60"]
[EventDate "2014.07.03"]

1. e4 e5 2. Nc3 Nf6 3. g3 Nc6 4. Bg2 Bc5 5. Nge2 d6 6. O-O a6 7. d3 O-O 8. Na4
Ba7 9. Be3 Bxe3 10. fxe3 Ng4 11. Rf3 Qg5 12. Qd2 Nd4 13. Nxd4 exd4 14. Rf5 Bxf5
15. exf5 Rfe8 16. Be4 dxe3 17. Qe2 Nf2 18. Nc3 Qf6 19. Qe1 Nxe4 20. dxe4 c6 21.
Rd1 d5 22. Qxe3 dxe4 23. g4 Rad8 24. Kf2 Rxd1 25. Nxd1 Qe5 26. Kg2 h5 27. h3 c5
28. c3 b5 29. Nf2 a5 30. Nd1 b4 0-1

[Event "Open SSM Luglio"]
[Site "Milano ITA"]
[Date "2014.07.06"]
[Round "4"]
[White "Poletto, Daniele"]
[Black "Cozzolino, Angelo"]
[WhiteElo "1738"]
[BlackElo "1930"]
[Result "0-1"]
[PlyCount "78"]
[EventDate "2014.07.03"]

1. c4 Nf6 2. Nc3 g6 3. g3 Bg7 4. Bg2 O-O 5. e4 d6 6. Nge2 c5 7. O-O Nc6 8. d3
Ne8 9. Be3 Nd4 10. Qd2 Nc7 11. Bh6 Nce6 12. Bxg7 Kxg7 13. Nxd4 Nxd4 14. f4 f5
15. Ne2 Rb8 16. Nxd4 cxd4 17. Rae1 Bd7 18. e5 Bc6 19. Qe2 Bxg2 20. Qxg2 Re8 21.
Qd5 Qb6 22. b3 Rbd8 23. exd6 Rxd6 24. Qg2 Qc6 25. Rf2 Qxg2+ 26. Kxg2 Kf6 27.
Rfe2 Ra6 28. Kf3 h5 29. h3 e6 30. g4 hxg4+ 31. hxg4 Rh8 32. g5+ Ke7 33. Kg3 Kd7
34. Re5 Rxa2 35. Rxe6 Rah2 36. Re7+ Kd6 37. c5+ Kc6 38. R1e6+ Kxc5 39. b4+ Kb5
0-1

[Event "Open SSM Luglio"]
[Site "Milano ITA"]
[Date "2014.07.06"]
[Round "4"]
[White "Beccari, Paolo"]
[Black "Quagliarella, Sabino Remo"]
[WhiteElo "1807"]
[BlackElo "1838"]
[Result "1-0"]
[PlyCount "117"]
[EventDate "2014.07.03"]

1. e4 c5 2. Nf3 a6 3. Nc3 Nc6 4. d4 cxd4 5. Nxd4 d6 6. Be2 Nf6 7. O-O g6 8. Be3
Bg7 9. Qd2 O-O 10. Rad1 Qc7 11. Kh1 Bd7 12. f4 Rac8 13. Nb3 Na5 14. e5 Nxb3 15.
axb3 Ng4 16. Nd5 Qxc2 17. Nxe7+ Kh8 18. Nxc8 Rxc8 19. Bxg4 Bxg4 20. Qxc2 Rxc2
21. Rxd6 h5 22. Rd2 Rc8 23. h3 Be6 24. Rfd1 Kh7 25. Rd3 Rc2 26. R1d2 Rc1+ 27.
Kh2 Re1 28. Bd4 Bh6 29. Rf2 Re4 30. g3 h4 31. Bc5 hxg3+ 32. Kxg3 Re1 33. Kh2
Rc1 34. Rc3 Rd1 35. Be3 Bf8 36. Rd2 Ra1 37. Rd8 Be7 38. Re8 Bh4 39. Rxe6 fxe6
40. Rc7+ Kg8 41. Rxb7 Re1 42. Bc5 Re2+ 43. Kg1 Rxb2 44. Rb6 Kf7 45. b4 Be1 46.
Kf1 Bd2 47. Rxa6 Bxf4 48. Ra7+ Kg8 49. Bd6 Rb3 50. Rb7 Rxh3 51. Re7 Rb3 52.
Rxe6 Kh7 53. Rf6 Bd2 54. e6 Bg5 55. Rf7+ Kg8 56. Rf8+ Kg7 57. e7 Bxe7 58. Bxe7
g5 59. Rf5 1-0

[Event "Open SSM Luglio"]
[Site "Milano ITA"]
[Date "2014.07.06"]
[Round "4"]
[White "Bisignano, Giuseppe"]
[Black "Frignani, Alessandro"]
[WhiteElo "1872"]
[BlackElo "1470"]
[Result "1-0"]
[PlyCount "39"]
[EventDate "2014.07.03"]

1. e4 e5 2. Bc4 Bc5 3. Nc3 c6 4. Nge2 Qf6 5. O-O d6 6. a3 Qg6 7. d4 Bh3 8. Ng3
exd4 9. Na4 Be6 10. Bxe6 Qxe6 11. b4 Bb6 12. Nxb6 axb6 13. Qxd4 Qe5 14. Bb2
Qxd4 15. Bxd4 Nf6 16. e5 dxe5 17. Bxe5 Nbd7 18. Bd6 O-O-O 19. Nf5 g6 20. Ne7#
1-0

[Event "Open SSM Luglio"]
[Site "Milano ITA"]
[Date "2014.07.06"]
[Round "4"]
[White "Trovero, Leo"]
[Black "Dicuonzo, Antonio"]
[WhiteElo "1756"]
[BlackElo "1608"]
[Result "1-0"]
[PlyCount "43"]
[EventDate "2014.07.03"]

1. e4 c5 2. Nc3 Nc6 3. g3 g6 4. Bg2 Bg7 5. Nge2 e6 6. O-O Nge7 7. f4 Nd4 8. d3
O-O 9. Nxd4 cxd4 10. Ne2 d6 11. c3 Nc6 12. cxd4 Nxd4 13. Be3 Qb6 14. Kh1 e5 15.
Qd2 Bg4 16. Nc3 Rac8 17. Nd5 Qd8 18. Bxd4 exd4 19. f5 gxf5 20. exf5 Bh5 21. f6
Bh8 22. Ne7+ 1-0

[Event "Open SSM Luglio"]
[Site "Milano ITA"]
[Date "2014.07.06"]
[Round "4"]
[White "Pirrello, Christian"]
[Black "Colica, Daniele"]
[WhiteElo "1669"]
[BlackElo "1716"]
[Result "1-0"]
[PlyCount "55"]
[EventDate "2014.07.03"]

1. d4 Nf6 2. c4 e6 3. Nc3 Bb4 4. e3 d5 5. cxd5 exd5 6. Bd3 O-O 7. a3 Bxc3+ 8.
bxc3 c5 9. Ne2 Nc6 10. O-O c4 11. Bc2 Be6 12. f3 Qc7 13. e4 Rfe8 14. Bf4 Qa5
15. e5 Nd7 16. Bd2 f6 17. f4 fxe5 18. fxe5 Ndxe5 19. dxe5 Qc5+ 20. Kh1 Nxe5 21.
Nd4 Bg4 22. Qb1 Rf8 23. h3 Rxf1+ 24. Qxf1 Rf8 25. Qe1 Nc6 26. Nxc6 Qxc6 27.
hxg4 Re8 28. Qh4 1-0

[Event "Open SSM Luglio"]
[Site "Milano ITA"]
[Date "2014.07.06"]
[Round "4"]
[White "Vece, Luigi"]
[Black "Verderame, Alberto"]
[WhiteElo "1641"]
[BlackElo "1481"]
[Result "1-0"]
[PlyCount "63"]
[EventDate "2014.07.03"]

1. e4 d6 2. Nf3 Bg4 3. Bc4 Nf6 4. Nc3 c6 5. a4 a5 6. d4 e6 7. O-O Be7 8. h3 Bh5
9. Bf4 O-O 10. e5 Nd5 11. Nxd5 cxd5 12. Bd3 dxe5 13. dxe5 Nc6 14. g4 Bg6 15. c3
Bxd3 16. Qxd3 f6 17. Qe3 fxe5 18. Nxe5 Nxe5 19. Qxe5 Ra6 20. Bg3 Bd6 21. Qe3
Be7 22. Rfe1 Bh4 23. Rad1 Bxg3 24. Qxg3 Kh8 25. Re2 Qd7 26. b3 b5 27. Qd3 Rb6
28. Qd4 Rd6 29. h4 bxa4 30. bxa4 Rc6 31. c4 Rxc4 32. Qxc4 1-0

[Event "Open SSM Luglio"]
[Site "Milano ITA"]
[Date "2014.07.06"]
[Round "4"]
[White "Marchesotti, Giovanni"]
[Black "Invernizzi, Ferruccio"]
[WhiteElo "1486"]
[BlackElo "1636"]
[Result "1/2-1/2"]
[PlyCount "106"]
[EventDate "2014.07.03"]

1. g3 d6 2. Bg2 Nf6 3. c4 g6 4. Nc3 Bg7 5. Nf3 O-O 6. O-O c6 7. e4 Bg4 8. h3
Bd7 9. d4 Qc7 10. Be3 e5 11. dxe5 dxe5 12. Qe2 Be6 13. Ng5 Bd7 14. Bc5 Re8 15.
Rfd1 b6 16. Bd6 Qc8 17. Kh2 Na6 18. Nf3 Nh5 19. b4 Nc7 20. Qd3 Na6 21. b5 cxb5
22. cxb5 Nc5 23. Bxc5 Qxc5 24. Qxd7 Qxc3 25. Rac1 Qb2 26. Kg1 Nf6 27. Qd3 Qxa2
28. Ra1 Qe6 29. Ng5 Qc8 30. Rac1 Qd8 31. Qxd8 Raxd8 32. Rxd8 Rxd8 33. Rc7 Rd7
34. Rc8+ Bf8 35. Nf3 Nxe4 36. Nxe5 Rd1+ 37. Kh2 Rd5 38. Nxg6 hxg6 39. Bxe4 Rxb5
40. Rc7 a5 41. Ra7 Bc5 42. Bd5 Bxf2 43. Bxf7+ Kf8 44. Bxg6 Bxg3+ 45. Kh1 Rb2
46. Bf5 Rb4 47. Kg2 Bh4 48. Kf3 a4 49. Bd7 Rb3+ 50. Kg4 Rb4+ 51. Kh5 Bf2 52.
Rxa4 Rxa4 53. Bxa4 Kg7 1/2-1/2

[Event "Open SSM Luglio"]
[Site "Milano ITA"]
[Date "2014.07.06"]
[Round "4"]
[White "Padolecchia, Vittorio"]
[Black "Pipitone, Filippo Massimo"]
[WhiteElo "1579"]
[BlackElo "1567"]
[Result "0-1"]
[PlyCount "26"]
[EventDate "2014.07.03"]

1. Nf3 d5 2. d4 Nf6 3. Bf4 Bg4 4. Nbd2 e6 5. e3 Nbd7 6. h3 Bh5 7. Be2 c5 8. c4
cxd4 9. Nxd4 Bxe2 10. Qxe2 e5 11. Bg5 exd4 12. exd4+ Be7 13. O-O O-O 0-1

[Event "Open SSM Luglio"]
[Site "Milano ITA"]
[Date "2014.07.06"]
[Round "4"]
[White "De Angelis, Lorenzo"]
[Black "Guttarolo, Giovanni"]
[WhiteElo "1641"]
[BlackElo "1371"]
[Result "1-0"]
[PlyCount "77"]
[EventDate "2014.07.03"]

1. c4 Nf6 2. Nc3 g6 3. g3 Bg7 4. Bg2 O-O 5. Nf3 d5 6. cxd5 Nxd5 7. O-O e6 8.
Rb1 Nc6 9. Nxd5 exd5 10. e3 Ne7 11. d4 Bf5 12. Ra1 Rb8 13. Nh4 Be6 14. Bd2 b6
15. a3 c5 16. Bc3 c4 17. e4 dxe4 18. Bxe4 f5 19. Bg2 Nd5 20. Qe1 Re8 21. Qd2
Nxc3 22. bxc3 b5 23. Rfe1 Qb6 24. Nf3 h6 25. Rab1 a6 26. Ne5 Rbc8 27. Nxg6 Kh7
28. Nf4 Bf7 29. Rxe8 Rxe8 30. Bd5 Kg8 31. Bxf7+ Kxf7 32. Qc2 Qf6 33. a4 Rb8 34.
Qe2 Bf8 35. axb5 axb5 36. Rxb5 Rc8 37. Rb7+ Be7 38. Nd5 Qe6 39. Rxe7+ 1-0

[Event "Open SSM Luglio"]
[Site "Milano ITA"]
[Date "2014.07.06"]
[Round "4"]
[White "Bracco, Valter"]
[Black "Carbone, Lorenzo"]
[WhiteElo "1470"]
[BlackElo "1679"]
[Result "0-1"]
[PlyCount "38"]
[EventDate "2014.07.03"]

1. e4 c5 2. Nc3 Nc6 3. g3 Nf6 4. Bg2 e6 5. Nge2 d5 6. d3 Be7 7. O-O O-O 8. Nf4
d4 9. Nb1 e5 10. Ne2 Be6 11. h3 Qd7 12. Kh2 c4 13. f4 cxd3 14. cxd3 Qc7 15.
fxe5 Qxe5 16. Bf4 Qh5 17. Ng1 Ng4+ 18. Kh1 Nf2+ 19. Rxf2 Qxd1 0-1

[Event "Open SSM Luglio"]
[Site "Milano ITA"]
[Date "2014.07.06"]
[Round "5"]
[White "Astengo, Corrado"]
[Black "Hansen, Torbjorn Ringdal"]
[WhiteElo "2078"]
[BlackElo "2448"]
[Result "1/2-1/2"]
[PlyCount "61"]
[EventDate "2014.07.03"]

1. e4 e5 2. Nf3 Nc6 3. Bb5 a6 4. Ba4 Nf6 5. O-O b5 6. Bb3 Bc5 7. c3 d6 8. d4
Bb6 9. h3 O-O 10. Be3 Bb7 11. Nbd2 h6 12. Re1 Re8 13. d5 Ne7 14. Bxb6 cxb6 15.
Nf1 Bc8 16. Ng3 Bd7 17. Qd2 Qc7 18. Nxe5 dxe5 19. d6 Qc5 20. dxe7 Rxe7 21. Rad1
Bc6 22. Qd6 Rd7 23. Qxc5 bxc5 24. Rxd7 Bxd7 25. Rd1 c4 26. Bc2 Kf8 27. Rd6 Ke7
28. Rb6 Kd8 29. Rd6 Ke7 30. Rb6 Kd8 31. Rd6 1/2-1/2

[Event "Open SSM Luglio"]
[Site "Milano ITA"]
[Date "2014.07.06"]
[Round "5"]
[White "Vezzosi, Paolo"]
[Black "Brociner, Beniamino"]
[WhiteElo "2282"]
[BlackElo "2154"]
[Result "1/2-1/2"]
[PlyCount "105"]
[EventDate "2014.07.03"]

1. d4 Nf6 2. Nf3 d6 3. Nc3 g6 4. e4 Bg7 5. h3 c6 6. a4 a5 7. Be3 O-O 8. Qd2 e5
9. dxe5 dxe5 10. Qxd8 Rxd8 11. Bc4 Nbd7 12. O-O-O Re8 13. Ng5 Re7 14. Rd6 h6
15. Nf3 Re8 16. Rhd1 Bf8 17. R6d2 Kg7 18. Nh2 Bc5 19. Nf1 Bxe3 20. Nxe3 Nc5 21.
f3 Ne6 22. Ne2 Kf8 23. b3 Ke7 24. Kb2 Rd8 25. Rxd8 Nxd8 26. Kc3 Ne6 27. Nc1 h5
28. Nd3 Nd7 29. Bxe6 Kxe6 30. Nc4 b5 31. axb5 cxb5 32. Ne3 Bb7 33. Kd2 f5 34.
exf5+ gxf5 35. f4 Be4 36. fxe5 Bxd3 37. cxd3 f4 38. Nc2 Kxe5 39. Re1+ Kd5 40.
Re7 Nc5 41. b4 Kd6 42. Rh7 axb4 43. Rh6+ Kd7 44. Rxh5 Nb3+ 45. Kd1 Rg8 46. Ne1
Kc6 47. Rf5 Nd4 48. Rxf4 Kc5 49. Rg4 Rf8 50. Rg5+ Kc6 51. Rg4 Kc5 52. Rg5+ Kc6
53. Rg6+ 1/2-1/2

[Event "Open SSM Luglio"]
[Site "Milano ITA"]
[Date "2014.07.06"]
[Round "5"]
[White "Pelizzola, Danilo"]
[Black "Beccari, Paolo"]
[WhiteElo "2106"]
[BlackElo "1807"]
[Result "1-0"]
[PlyCount "53"]
[EventDate "2014.07.03"]

1. e4 c5 2. Nf3 Nc6 3. d4 cxd4 4. Nxd4 Nf6 5. Nc3 e5 6. Ndb5 d6 7. Nd5 Nxd5 8.
exd5 Ne7 9. c3 a6 10. Qa4 axb5 11. Bxb5+ Bd7 12. Bxd7+ Qxd7 13. Qxa8+ Nc8 14.
O-O Be7 15. f4 O-O 16. Qa5 Bd8 17. Qb4 Bb6+ 18. Kh1 Bc5 19. Qc4 b5 20. Qd3 Ne7
21. b3 Ng6 22. f5 Ne7 23. f6 Ng6 24. Qe4 b4 25. cxb4 Qb5 26. Bd2 Ra8 27. a4 1-0

[Event "Open SSM Luglio"]
[Site "Milano ITA"]
[Date "2014.07.06"]
[Round "5"]
[White "Bonazzi, Edoardo"]
[Black "Cozzolino, Angelo"]
[WhiteElo "2079"]
[BlackElo "1930"]
[Result "1-0"]
[PlyCount "53"]
[EventDate "2014.07.03"]

1. c4 Nf6 2. g3 g6 3. Bg2 Bg7 4. Nc3 O-O 5. e4 d6 6. Nge2 c5 7. O-O Nc6 8. d3
Ne8 9. f4 f5 10. Be3 Nd4 11. Qd2 Nc7 12. Bf2 Nce6 13. Rab1 Nxe2+ 14. Nxe2 Bd4
15. Nxd4 Nxd4 16. b4 fxe4 17. Bxd4 cxd4 18. Bxe4 Rb8 19. Rbe1 e6 20. Bg2 Qc7
21. Qb2 e5 22. Bd5+ Kh8 23. fxe5 Bh3 24. exd6 Qg7 25. Bg2 Bf5 26. Re7 Qf6 27.
c5 1-0